| 000 | 00829cab a22002055a 4500 | ||
|---|---|---|---|
| 001 | L137654 | ||
| 008 | 070314e2007 xxk 000 0 eng d | ||
| 035 | _a(Sirsi) u137654 | ||
| 041 | _aeng | ||
| 110 | 2 |
_aHome Builders Federation _94896 |
|
| 245 |
_aHBF regional survey of house builders _bFebruary 2007 |
||
| 260 | _c2007 | ||
| 490 |
_aHousing Market Report _v(178) March 2007, 6-10(5) |
||
| 520 | _aFinds that there was a strong increase in visitors and net reservations between January and February 2006. House builders continued to push up prices and remained optimistic about sales prospects for 2007. Tables and graphs. | ||
| 590 | _aKA | ||
| 650 | 2 | 4 | _aHBF REGIONAL SURVEY OF HOUSE BUILDERS |
| 651 | 4 |
_aEngland and Wales _y1543- |
|
| 690 | _aPROPERTY-RESIDENTIAL PROPERTY-RESIDENTIAL PROPERTY MARKET | ||
| 942 | _n0 | ||
| 999 |
_c78680 _d78680 |
||